Introduction to PASCAL and structured design / (Record no. 38226)
[ view plain ]
| 000 -LEADER | |
|---|---|
| fixed length control field | 00801cam a2200253 a 4500 |
| 001 - CONTROL NUMBER | |
| control field | 38226 |
| 003 - CONTROL NUMBER IDENTIFIER | |
| rucl marc code | (BD-RjUL) |
| 005 - DATE AND TIME OF LATEST TRANSACTION | |
| control field | 20211209052743.0 |
| 008 - FIXED-LENGTH DATA ELEMENTS--GENERAL INFORMATION | |
| fixed length control field | 830412s1983 maua 001 0 eng |
| 020 ## - INTERNATIONAL STANDARD BOOK NUMBER | |
| International Standard Book Number | 066904797X (pbk.) |
| 035 ## - SYSTEM CONTROL NUMBER | |
| System control number | (BD-RjUL) |
| 040 ## - CATALOGING SOURCE | |
| Original cataloging agency | DLC |
| Transcribing agency | (BD-RjUL) |
| Modifying agency | DLC |
| 082 00 - DEWEY DECIMAL CLASSIFICATION NUMBER | |
| Classification number | 005.133 |
| Edition number | 19 |
| Author mark and year | DAI 1983 |
| 100 1# - MAIN ENTRY--PERSONAL NAME | |
| Personal name | Dale, Nell B. |
| 9 (RLIN) | 118202 |
| 245 10 - TITLE STATEMENT | |
| Title | Introduction to PASCAL and structured design / |
| Statement of responsibility, etc. | Nell Dale, David Orshalick. |
| 260 ## - PUBLICATION, DISTRIBUTION, ETC. (IMPRINT) | |
| Place of publication, distribution, etc. | Lexington, Mass. : |
| Name of publisher, distributor, etc. | D.C. Heath, |
| Date of publication, distribution, etc. | c1983. |
| 300 ## - PHYSICAL DESCRIPTION | |
| Pagination | xvii, various pagination: |
| Illustrations | ill. (some col.) ; |
| Size | 24 cm. |
| 500 ## - GENERAL NOTE | |
| General note | Includes index. |
| 650 #0 - SUBJECT ADDED ENTRY--TOPICAL TERM | |
| Topical term or geographic name as entry element | Pascal (Computer program language) |
| 9 (RLIN) | 118190 |
| Topical term or geographic name as entry element | Structured programming. |
| 9 (RLIN) | 118203 |
| 700 1# - ADDED ENTRY--PERSONAL NAME | |
| Personal name | Orshalick, David. |
| 942 ## - ADDED ENTRY ELEMENTS (KOHA) | |
| Source of classification or shelving scheme | Dewey Decimal Classification |
| Koha item type | Books |
| Lost status | Source of classification or shelving scheme | Damaged status | Not for loan | Permanent Location | Current Location | Shelving location | Date acquired | Total Checkouts | Full call number | Date last seen | Copy number | Koha item type |
|---|---|---|---|---|---|---|---|---|---|---|---|---|
| Dewey Decimal Classification | Not For Loan | Department of Information and Communication Engineering (ICE) Library | Department of Information and Communication Engineering (ICE) Library | Seminar Library | 11/10/2015 | 005.133 DAI 1983 | 11/10/2015 | C.1 | Books |